| 000 | 00000nam##2200000za#4500 |
| 001 | 9.643099 |
| 003 | CaOODSP |
| 005 | 20210624224019 |
| 007 | cr ||||||||||| |
| 008 | 150407|2014||||xxc|||||o f|0| 0 fre|d |
| 020 | |a978-0-660-21976-9 |
| 040 | |aCaOODSP|bfre |
| 043 | |an-cn--- |
| 086 | 1 |aEm16-4/2014F-PDF |
| 110 | 1 |aCanada.|bEmploi et développement social Canada. |bDirection générale des compétences et de l'emploi. |
| 245 | 10|aSubvention canadienne pour l'emploi |h[ressource électronique] |
| 260 | |aOttawa - Ontario : |bEmploi et Développement social Canada. |cc2014. |
| 300 | |a1p.|bphotographies |
| 590 | |a15-10|b2015-03-06 |
| 691 | 07|aProgramme d'emploi|2gcpds |
| 775 | 08|tCanada Job Grant |w(CaOODSP)9.699133 |
| 776 | 0#|tCanada Job Grant |w(CaOODSP)9.677787 |
| 776 | 0#|tSubvention canadienne pour l'emploi |w(CaOODSP)9.677788 |
| 856 | 40|ahttp://publications.gc.ca|qPDF|s215 Ko|uhttps://publications.gc.ca/collections/collection_2015/edsc-esdc/Em16-4-2014-fra.pdf |